[Event "Chioggia op-A 09th"]
[Site "Chioggia"]
[Date "2014.10.11"]
[Round "3"]
[White "Barberini, Riccardo"]
[Black "Litrico, Paolo"]
[Result "1-0"]
[WhiteElo "1913"]
[BlackElo "1976"]
[PlyCount "101"]
[EventDate "2014.10.10"]
[EventType "swiss"]
[EventRounds "5"]
[EventCountry "ITA"]
[SourceTitle "EXT 2022"]
[Source "ChessBase"]
[SourceDate "2021.10.06"]
[SourceVersion "1"]
[SourceVersionDate "2021.10.06"]
[SourceQuality "1"]

1. d4 f5 2. c4 Nf6 3. Nc3 g6 4. Bf4 Bg7 5. e3 0-0 6. Nf3 d6 7. Qc2 c6 8. 0-0-0 Bd7 9. Bd3 d5 10. h3 Ne4 11. Bxe4 fxe4 12. Ne5 Be6 13. Qb3 Qc8 14. Qb4 Bf6 15. Kb1 Na6 16. Qa4 Nc7 17. cxd5 cxd5 18. Rc1 Qd8 19. Qb3 b6 20. Nc6 Qd7 21. Bxc7 Qxc7 22. Nxe4 Bf5 23. f3 Qg3 24. Qxd5+ Kg7 25. Qxf5 Qxg2 26. Qg4 Qe2 27. Rhe1 Qd3+ 28. Ka1 Rac8 29. Qe6 Bh4 30. Qe5+ Kh6 31. Red1 Rxc6 32. Nc3 Qa6 33. Qe4 Qb7 34. Qxh4+ Kg7 35. Qe4 Rfc8 36. Qe5+ Kg8 37. Kb1 Qd7 38. Ne2 Rxc1+ 39. Rxc1 Rxc1+ 40. Kxc1 Qc6+ 41. Nc3 e6 42. e4 a6 43. Qb8+ Kg7 44. Qa7+ Kh6 45. Qxa6 Qd6 46. Qd3 Qg3 47. d5 exd5 48. exd5 Qxh3 49. d6 Qd7 50. Ne4 Kg7 51. Qc3+ 1-0

[Event "Chioggia op-A 09th"]
[Site "Chioggia"]
[Date "2014.10.10"]
[Round "1"]
[White "Sorbera, Giovanni"]
[Black "Barberini, Riccardo"]
[Result "1-0"]
[WhiteElo "2131"]
[BlackElo "1913"]
[PlyCount "79"]
[EventDate "2014.10.10"]
[EventType "swiss"]
[EventRounds "5"]
[EventCountry "ITA"]
[SourceTitle "EXT 2022"]
[Source "ChessBase"]
[SourceDate "2021.10.06"]
[SourceVersion "1"]
[SourceVersionDate "2021.10.06"]
[SourceQuality "1"]

1. e4 e6 2. d4 d5 3. e5 c5 4. c3 Nc6 5. Nf3 Bd7 6. a3 cxd4 7. cxd4 Qa5+ 8. Nc3 f6 9. Bb5 a6 10. Bxc6 bxc6 11. 0-0 c5 12. dxc5 Bxc5 13. b4 Bxb4 14. axb4 Qxa1 15. Qd2 Bb5 16. Re1 d4 17. Nxd4 Rd8 18. Qe3 f5 19. Nb3 Rd3 20. Nxa1 Rxe3 21. Bxe3 Bc4 22. Nc2 Ne7 23. Na3 Bd5 24. Nxd5 Nxd5 25. Bc5 Kf7 26. Nc4 g5 27. Ra1 Rb8 28. Ra4 h5 29. f3 g4 30. Rxa6 Nxb4 31. Rb6 Rxb6 32. Bxb6 Nd5 33. Kf2 Kg6 34. Bd4 Nb4 35. Nd2 Nd3+ 36. Kf1 Kg5 37. Nb3 gxf3 38. gxf3 Kf4 39. Ke2 Nxe5 40. Be3# 1-0